| 000 | 01656nam a22002297a 4500 | ||
|---|---|---|---|
| 999 |
_c58649 _d58649 |
||
| 003 | Ge_BSU | ||
| 005 | 20220621135734.0 | ||
| 008 | 220621s2021 ge ||||| |||| 00| 0 geo d | ||
| 020 | _a9789941973703 | ||
| 041 | _ageo | ||
| 080 | _a94(479.22)"1801-1918" გ-97 | ||
| 100 |
_aგურული, ვახტანგ _914191 |
||
| 245 |
_aსაქართველოს ახალი ისტორია (1801-1918). წიგნი 4 / _cვახტანგ გურული ; რედაქტორი სერგო ვარდოსანიძე ; საქართველოს საპატრიარქოს წმ. ანდრია პირველწოდებულის სახ. ქართული უნივერსიტეტი. |
||
| 264 |
_aთბილისი : _bქართული უნივერსიტეტი, _c2021. |
||
| 300 |
_a664 გვ.; _bსურ.; _c29 სმ. |
||
| 500 | _aთავფურცლის მე-3 გვერდი რუსულ ენაზე, მე-4 გვერდი ინგლისურ ენაზე | ||
| 501 | _aსახელთა საძიებელი: გვ. 640-656. | ||
| 653 | _aსაქართველოს ისტორია -- XIX-XX სს. | ||
| 700 |
_aვარდოსანიძე, სერგო _eრედაქტორი _914192 |
||
| 710 |
_aსაქართველოს საპატრიარქოს წმ. ანდრია პირველწოდებულის სახ. ქართული უნივერსიტეტი. _914193 |
||
| 942 |
_2udc _cBK |
||